000 00767nam a2200169 a 4500
001 000029095
005 20200930055329.0
008 110413s2003 dr ac 000 0 spa d
040 _aDO-SdBNP
_bspa
_cBNPHU
082 _axxx
_bG216c
100 1 _aGarcía Fernández, Porfirio
_917488
245 1 0 _aConstruir la paz para vivir en paz /
_cPorfirio García Fernández.
260 _a[Santo Domingo] :
_bUniversidad Autónoma de Santo Domingo,
_c[2003?].
300 _a25 p. :
_bil., retr. ;
_c21 cm.
500 _aPonencia pronunciada por el Rector Magnífico de la Universidad Autónoma de Santo Domingo, Doctor Porfirio García Fernández en el Convivio Nacional de Maestros celebrado en la ciudad de Puerto Plata los dias 18, 19 y 20 de julio de 2003.
049 _aBNPD
999 _c28587
_d28587